Encyclopedia of material science and engineering. 8 V (Record no. 39835)

MARC details
000 -LEADER
fixed length control field 00295nam a2200109Ia 4500
082 ## - DEWEY DECIMAL CLASSIFICATION NUMBER
Classification number 620(031)
Item number BEV
245 #0 - TITLE STATEMENT
Title Encyclopedia of material science and engineering. 8 V
260 ## - PUBLICATION, DISTRIBUTION, ETC. (IMPRINT)
Place of publication New York
Name of publisher Pergamon
Year of publication 1986
700 ## - ADDED ENTRY--PERSONAL NAME
Personal name Bever, M B
942 ## - ADDED ENTRY ELEMENTS (KOHA)
Koha item type Books
Holdings
Withdrawn status Lost status Damaged status Not for loan Home library Current library Date acquired Full call number Accession Number Koha item type
        RRII Library RRII Library 16/12/2021 620(031) BEV 20153 Books